| Поле | Инд. | ПП | Название | Значение |
|---|---|---|---|---|
| Тип записи | a | |||
| Библиографический уровень | a | |||
| 001 | Контрольный номер | e175b2f4e0cd4c568ef3ad9dee86b9f3 | ||
| 005 | Дата корректировки | 20170302101018.3 | ||
| 020 | a | ISBN | 5-02-010266-0 | |
| 040 | a | Служба первич. каталог. | НБ ТвГУ | |
| b | Код языка каталог. | rus | ||
| e | Правила каталог. | PSBO | ||
| 041 | 0_ | a | Код языка текста | rus |
| 097 | b | Оператор | novikova | |
| 100 | 1_ | a | Автор | Щеглов Андрей Джолинардович |
| q | Полное имя | Щеглов А. Д. | ||
| 245 | 10 | a | Заглавие | Власть и элита в Дании XII века |
| 260 | a | Место издания | Москва | |
| b | Издательство | Наука | ||
| 500 | a | Примечание | Рец. на кн.: Hermanson L. Slakt, vanner och makt; En studie av elitens politiska kultur i 1100-talets Danmark. - Goteborg, 2000. - 280 s. (Хермансон Л. Род, друзья и власть: Исследование политической культуры элиты в Дании XII в. - Гетеборг, 2000. - 280 с.). | |
| 504 | a | Библиография | Библиогр.: с. 332-333 (10 назв.) | |
| 520 | 0_ | a | Аннотация | В данной рецензии рассматривается монография шведского историка Л. Хермансона, посвященная датской элите 12 в. |
| 653 | 0_ | a | Ключевые слова | Власть |
| a | Ключевые слова | Элита | ||
| a | Ключевые слова | Дания, страна | ||
| a | Ключевые слова | 12 в. | ||
| a | Ключевые слова | Хермансон Ларс | ||
| a | Ключевые слова | Род, друзья и власть, монография Л. Хермансона | ||
| 773 | 18 | w | Контрольный № источника | RU/IS/BASE/318428191 |
| t | Название источника | Северная Европа | ||
| d | Место и дата издания | Москва : Наука, 2005 | ||
| g | Прочая информация | Вып. 5. - С. 323-333 | ||
| 901 | t | Тип документа | a | |
| 920 | a | Оператор | Нови |